[Event "ODJM A 2024"]
[Site "Willingen GER"]
[Date "2024.05.19"]
[Round "2"]
[White "Direk, Oguzhan"]
[Black "Hoffmann, Alexander"]
[Result "0-1"]
[Termination "normal"]
[Board "32"]
[WhiteElo "1767"]
[BlackElo "1901"]
[WhiteClock "00:14:16"]
[BlackClock "00:15:58"]
[PlyCount "76"]
[WhiteFideId "16294343"]
[BlackFideId "16240219"]
[EventCountry "GER"]
[EventRounds "9"]
[EventType "swiss"]
[EventDate "2024.05.18"]

1. d4 {[%clk 01:30:50]} {[%emt 00:00:09]} d5 {[%clk 01:30:55]} {[%emt
00:00:06]} 2. Nc3 {[%clk 01:31:14]} {[%emt 00:00:06]} Nf6 {[%clk 01:31:03]}
{[%emt 00:00:22]} 3. Bf4 {[%clk 01:31:34]} {[%emt 00:00:10]} Bf5 {[%clk
01:30:56]} {[%emt 00:00:37]} 4. f3 {[%clk 01:31:56]} {[%emt 00:00:08]} e6
{[%clk 01:30:23]} {[%emt 00:01:03]} 5. g4 {[%clk 01:32:20]} {[%emt 00:00:06]}
Bg6 {[%clk 01:29:47]} {[%emt 00:01:07]} 6. h4 {[%clk 01:32:41]} {[%emt
00:00:08]} h5 {[%clk 01:27:19]} {[%emt 00:02:57]} 7. g5 {[%clk 01:33:04]}
{[%emt 00:00:08]} Nfd7 {[%clk 01:24:46]} {[%emt 00:03:04]} 8. e4 {[%clk
00:58:35]} {[%emt 00:34:59]} Nb6 {[%clk 01:21:34]} {[%emt 00:03:42]} 9. Bd3
{[%clk 00:54:22]} {[%emt 00:04:42]} a6 {[%clk 01:18:10]} {[%emt 00:03:54]} 10.
Nge2 {[%clk 00:52:08]} {[%emt 00:02:42]} c5 {[%clk 01:15:31]} {[%emt 00:03:11]}
11. exd5 {[%clk 00:47:29]} {[%emt 00:05:09]} Bxd3 {[%clk 01:10:08]} {[%emt
00:05:53]} 12. Qxd3 {[%clk 00:47:35]} {[%emt 00:00:24]} Nxd5 {[%clk 01:03:54]}
{[%emt 00:06:44]} 13. g6 {[%clk 00:44:23]} {[%emt 00:03:42]} f6 {[%clk
00:52:10]} {[%emt 00:12:14]} 14. dxc5 {[%clk 00:37:58]} {[%emt 00:06:55]} Nc6
{[%clk 00:39:09]} {[%emt 00:13:31]} 15. Nxd5 {[%clk 00:31:16]} {[%emt
00:07:13]} Qxd5 {[%clk 00:38:49]} {[%emt 00:00:49]} 16. Qxd5 {[%clk 00:27:11]}
{[%emt 00:04:35]} exd5 {[%clk 00:38:45]} {[%emt 00:00:34]} 17. O-O-O {[%clk
00:26:23]} {[%emt 00:01:18]} O-O-O {[%clk 00:37:35]} {[%emt 00:01:41]} 18. Nc3
{[%clk 00:23:48]} {[%emt 00:03:04]} Bxc5 {[%clk 00:35:16]} {[%emt 00:02:49]}
19. Rxd5 {[%clk 00:21:35]} {[%emt 00:02:43]} Rxd5 {[%clk 00:33:41]} {[%emt
00:02:06]} 20. Nxd5 {[%clk 00:21:59]} {[%emt 00:00:06]} Nd4 {[%clk 00:33:29]}
{[%emt 00:00:41]} 21. c3 {[%clk 00:16:30]} {[%emt 00:06:00]} Ne2+ {[%clk
00:28:48]} {[%emt 00:05:10]} 22. Kc2 {[%clk 00:15:44]} {[%emt 00:01:16]} Nxf4
{[%clk 00:27:50]} {[%emt 00:01:28]} 23. Nxf4 {[%clk 00:15:48]} {[%emt
00:00:25]} Kd7 {[%clk 00:22:59]} {[%emt 00:07:19]} 24. Rd1+ {[%clk 00:15:05]}
{[%emt 00:00:06]} Bd6 {[%clk 00:22:46]} {[%emt 00:00:06]} 25. Rd5 {[%clk
00:14:53]} {[%emt 00:00:27]} Rh6 {[%clk 00:21:35]} {[%emt 00:01:42]} 26. Kd3
{[%clk 00:12:08]} {[%emt 00:03:16]} Kc6 {[%clk 00:20:17]} {[%emt 00:01:48]} 27.
Rxd6+ {[%clk 00:12:32]} {[%emt 00:00:06]} Kxd6 {[%clk 00:20:31]} {[%emt
00:00:16]} 28. Ke4 {[%clk 00:12:58]} {[%emt 00:00:04]} Rh8 {[%clk 00:17:51]}
{[%emt 00:03:10]} 29. Kf5 {[%clk 00:13:10]} {[%emt 00:00:19]} Ke7 {[%clk
00:16:45]} {[%emt 00:01:35]} 30. Nd5+ {[%clk 00:12:17]} {[%emt 00:01:23]} Kd6
{[%clk 00:15:22]} {[%emt 00:01:54]} 31. Nxf6 {[%clk 00:12:05]} {[%emt
00:00:41]} Rf8 {[%clk 00:15:12]} {[%emt 00:00:40]} 32. Kg5 {[%clk 00:12:19]}
{[%emt 00:00:17]} Rxf6 {[%clk 00:15:19]} {[%emt 00:00:23]} 33. Kxh5 {[%clk
00:12:45]} {[%emt 00:00:04]} Rxf3 {[%clk 00:15:16]} {[%emt 00:00:32]} 34. Kg5
{[%clk 00:13:10]} {[%emt 00:00:05]} Ke5 {[%clk 00:15:21]} {[%emt 00:00:26]} 35.
h5 {[%clk 00:13:28]} {[%emt 00:00:12]} Rg3 {[%clk 00:15:23]} {[%emt 00:00:29]}
36. Kh4 {[%clk 00:13:53]} {[%emt 00:00:04]} Kf4 {[%clk 00:15:29]} {[%emt
00:00:24]} 37. h6 {[%clk 00:13:58]} {[%emt 00:00:25]} gxh6 {[%clk 00:15:37]}
{[%emt 00:00:22]} 38. Kh5 {[%clk 00:14:16]} {[%emt 00:00:12]} Rh3+ {[%clk
00:15:58]} {[%emt 00:00:08]} 0-1

[Event "ODJM A 2024"]
[Site "Willingen GER"]
[Date "2024.05.19"]
[Round "2"]
[White "Matthes, Benjamin"]
[Black "Brandl, Lea Maria"]
[Result "1/2-1/2"]
[Termination "normal"]
[Board "33"]
[WhiteElo "1963"]
[BlackElo "1920"]
[WhiteClock "00:29:00"]
[BlackClock "00:24:33"]
[PlyCount "85"]
[WhiteFideId "16227298"]
[BlackFideId "24693049"]
[EventCountry "GER"]
[EventRounds "9"]
[EventType "swiss"]
[EventDate "2024.05.18"]

1. e4 {[%clk 01:30:54]} {[%emt 00:00:05]} c5 {[%clk 01:30:54]} {[%emt
00:00:07]} 2. Nf3 {[%clk 01:31:18]} {[%emt 00:00:06]} d6 {[%clk 01:31:20]}
{[%emt 00:00:04]} 3. d4 {[%clk 01:31:41]} {[%emt 00:00:07]} cxd4 {[%clk
01:31:45]} {[%emt 00:00:05]} 4. Nxd4 {[%clk 01:32:06]} {[%emt 00:00:05]} Nf6
{[%clk 01:32:11]} {[%emt 00:00:04]} 5. Nc3 {[%clk 01:32:27]} {[%emt 00:00:08]}
a6 {[%clk 01:32:37]} {[%emt 00:00:04]} 6. Bg5 {[%clk 01:32:22]} {[%emt
00:00:35]} e6 {[%clk 01:32:56]} {[%emt 00:00:12]} 7. f4 {[%clk 01:32:41]}
{[%emt 00:00:10]} Qb6 {[%clk 01:32:43]} {[%emt 00:00:44]} 8. Nb3 {[%clk
01:32:31]} {[%emt 00:00:40]} Nc6 {[%clk 01:31:20]} {[%emt 00:01:53]} 9. Qf3
{[%clk 01:12:36]} {[%emt 00:20:24]} Be7 {[%clk 01:22:17]} {[%emt 00:09:33]} 10.
O-O-O {[%clk 01:12:12]} {[%emt 00:00:55]} Qc7 {[%clk 01:16:20]} {[%emt
00:06:27]} 11. g4 {[%clk 01:02:44]} {[%emt 00:09:58]} Rb8 {[%clk 01:10:38]}
{[%emt 00:06:11]} 12. Bxf6 {[%clk 00:46:16]} {[%emt 00:16:58]} Bxf6 {[%clk
01:06:04]} {[%emt 00:05:05]} 13. g5 {[%clk 00:44:45]} {[%emt 00:02:01]} Be7
{[%clk 01:05:43]} {[%emt 00:00:50]} 14. h4 {[%clk 00:25:25]} {[%emt 00:19:50]}
b5 {[%clk 00:57:05]} {[%emt 00:09:09]} 15. Bh3 {[%clk 00:23:03]} {[%emt
00:02:52]} b4 {[%clk 00:49:05]} {[%emt 00:08:29]} 16. Ne2 {[%clk 00:22:33]}
{[%emt 00:01:00]} a5 {[%clk 00:34:51]} {[%emt 00:14:45]} 17. Nbd4 {[%clk
00:19:06]} {[%emt 00:03:57]} Nxd4 {[%clk 00:25:20]} {[%emt 00:10:01]} 18. Nxd4
{[%clk 00:18:40]} {[%emt 00:00:56]} e5 {[%clk 00:21:12]} {[%emt 00:04:38]} 19.
Nf5 {[%clk 00:08:14]} {[%emt 00:10:55]} Bxf5 {[%clk 00:21:28]} {[%emt
00:00:13]} 20. exf5 {[%clk 00:08:33]} {[%emt 00:00:11]} f6 {[%clk 00:20:50]}
{[%emt 00:01:09]} 21. Qh5+ {[%clk 00:07:55]} {[%emt 00:01:08]} Kf8 {[%clk
00:20:12]} {[%emt 00:01:09]} 22. Bg2 {[%clk 00:04:03]} {[%emt 00:04:22]} Rc8
{[%clk 00:14:34]} {[%emt 00:06:07]} 23. Rd2 {[%clk 00:03:11]} {[%emt 00:01:22]}
Qd7 {[%clk 00:14:32]} {[%emt 00:00:32]} 24. Bd5 {[%clk 00:02:49]} {[%emt
00:00:52]} Qe8 {[%clk 00:14:26]} {[%emt 00:00:36]} 25. Qf3 {[%clk 00:01:47]}
{[%emt 00:01:33]} Rc5 {[%clk 00:11:42]} {[%emt 00:03:14]} 26. Kb1 {[%clk
00:01:08]} {[%emt 00:01:08]} Qb8 {[%clk 00:10:26]} {[%emt 00:01:46]} 27. Qh5
{[%clk 00:01:01]} {[%emt 00:00:37]} Qe8 {[%clk 00:10:44]} {[%emt 00:00:13]} 28.
Qf3 {[%clk 00:01:27]} {[%emt 00:00:03]} Qb8 {[%clk 00:11:01]} {[%emt 00:00:14]}
29. h5 {[%clk 00:01:26]} {[%emt 00:00:31]} fxg5 {[%clk 00:08:27]} {[%emt
00:03:03]} 30. fxe5 {[%clk 00:01:52]} {[%emt 00:00:05]} dxe5 {[%clk 00:08:21]}
{[%emt 00:00:35]} 31. h6 {[%clk 00:02:06]} {[%emt 00:00:16]} Qd6 {[%clk
00:04:43]} {[%emt 00:04:23]} 32. hxg7+ Kxg7 {[%clk 00:05:07]} 33. Rhd1 {[%clk
00:00:34]} Qf6 {[%clk 00:05:01]} {[%emt 00:00:03]} 34. Be6 {[%clk 00:00:45]}
{[%emt 00:00:02]} Rc7 {[%clk 00:04:05]} {[%emt 00:00:36]} 35. Qe3 {[%clk
00:00:38]} {[%emt 00:00:37]} Re8 {[%clk 00:03:15]} {[%emt 00:01:20]} 36. Rd5
{[%clk 00:00:45]} {[%emt 00:00:24]} Rd8 {[%clk 00:01:07]} {[%emt 00:02:38]} 37.
Rxd8 {[%clk 00:00:46]} {[%emt 00:00:29]} Bxd8 {[%clk 00:01:33]} {[%emt
00:00:04]} 38. Rxd8 {[%clk 00:00:32]} {[%emt 00:00:44]} Qxd8 {[%clk 00:01:59]}
{[%emt 00:00:04]} 39. Qxe5+ {[%clk 00:00:58]} {[%emt 00:00:04]} Kh6 {[%clk
00:01:54]} {[%emt 00:00:35]} 40. Qh2+ {[%clk 00:01:17]} {[%emt 00:00:11]} Kg7
{[%clk 00:02:00]} {[%emt 00:00:23]} 41. Qe5+ {[%clk 00:29:44]} {[%emt
00:02:04]} Kh6 {[%clk 00:24:09]} {[%emt 00:08:22]} 42. Qh2+ {[%clk 00:28:34]}
{[%emt 00:01:40]} Kg7 {[%clk 00:24:33]} {[%emt 00:00:05]} 43. Qe5+ {[%clk
00:29:00]} {[%emt 00:00:04]} 1/2-1/2

[Event "ODJM A 2024"]
[Site "Willingen GER"]
[Date "2024.05.19"]
[Round "2"]
[White "Mörke, Niklas"]
[Black "Kieselbach, Marvin"]
[Result "0-1"]
[Termination "normal"]
[Board "34"]
[WhiteElo "1879"]
[BlackElo "1887"]
[WhiteClock "00:23:26"]
[BlackClock "00:14:07"]
[PlyCount "84"]
[WhiteFideId "12982350"]
[BlackFideId "16235770"]
[EventCountry "GER"]
[EventRounds "9"]
[EventType "swiss"]
[EventDate "2024.05.18"]

1. d4 {[%clk 01:30:57]} {[%emt 00:00:03]} Nf6 {[%clk 01:30:53]} {[%emt
00:00:07]} 2. c4 {[%clk 01:31:14]} {[%emt 00:00:14]} e6 {[%clk 01:31:17]}
{[%emt 00:00:06]} 3. Nc3 {[%clk 01:31:37]} {[%emt 00:00:08]} d5 {[%clk
01:31:00]} {[%emt 00:00:46]} 4. Nf3 {[%clk 01:30:46]} {[%emt 00:01:21]} Be7
{[%clk 01:31:12]} {[%emt 00:00:15]} 5. Bf4 {[%clk 01:30:05]} {[%emt 00:01:12]}
O-O {[%clk 01:31:28]} {[%emt 00:00:15]} 6. Qc2 {[%clk 01:21:55]} {[%emt
00:08:40]} c5 {[%clk 01:30:22]} {[%emt 00:01:36]} 7. e3 {[%clk 01:19:49]}
{[%emt 00:02:36]} Nc6 {[%clk 01:23:04]} {[%emt 00:07:47]} 8. dxc5 {[%clk
01:18:14]} {[%emt 00:02:06]} Qa5 {[%clk 01:21:57]} {[%emt 00:01:35]} 9. cxd5
{[%clk 01:11:47]} {[%emt 00:06:59]} Nxd5 {[%clk 01:18:55]} {[%emt 00:03:32]}
10. Bd6 {[%clk 01:09:26]} {[%emt 00:02:50]} Bxd6 {[%clk 01:07:35]} {[%emt
00:11:51]} 11. cxd6 {[%clk 01:09:47]} {[%emt 00:00:09]} Ncb4 {[%clk 01:07:44]}
{[%emt 00:00:20]} 12. Qd2 {[%clk 01:07:12]} {[%emt 00:03:04]} Nxc3 {[%clk
01:01:50]} {[%emt 00:06:26]} 13. bxc3 {[%clk 01:07:05]} {[%emt 00:00:37]} Nd5
{[%clk 01:02:07]} {[%emt 00:00:13]} 14. Rc1 {[%clk 01:05:39]} {[%emt 00:01:55]}
b6 {[%clk 00:55:05]} {[%emt 00:07:33]} 15. e4 {[%clk 01:02:28]} {[%emt
00:03:41]} Nf6 {[%clk 00:55:09]} {[%emt 00:00:25]} 16. e5 {[%clk 00:59:20]}
{[%emt 00:03:38]} Nd7 {[%clk 00:55:33]} {[%emt 00:00:06]} 17. c4 {[%clk
00:57:07]} {[%emt 00:02:43]} Qc5 {[%clk 00:55:27]} {[%emt 00:00:36]} 18. Qc3
{[%clk 00:56:08]} {[%emt 00:01:28]} Bb7 {[%clk 00:55:45]} {[%emt 00:00:13]} 19.
Be2 {[%clk 00:55:07]} {[%emt 00:01:32]} Rad8 {[%clk 00:52:47]} {[%emt
00:03:27]} 20. Qd4 {[%clk 00:50:07]} {[%emt 00:05:30]} Bxf3 {[%clk 00:47:25]}
{[%emt 00:05:51]} 21. Qxc5 {[%clk 00:50:23]} {[%emt 00:00:15]} bxc5 {[%clk
00:47:42]} {[%emt 00:00:13]} 22. gxf3 {[%clk 00:47:54]} {[%emt 00:02:59]} Nxe5
{[%clk 00:48:00]} {[%emt 00:00:12]} 23. Rd1 {[%clk 00:47:04]} {[%emt 00:01:19]}
Nc6 {[%clk 00:47:12]} {[%emt 00:01:18]} 24. O-O {[%clk 00:46:09]} {[%emt
00:01:27]} Nd4 {[%clk 00:47:32]} {[%emt 00:00:10]} 25. Rfe1 {[%clk 00:45:41]}
{[%emt 00:00:58]} Rxd6 {[%clk 00:47:53]} {[%emt 00:00:09]} 26. Kg2 {[%clk
00:45:33]} {[%emt 00:00:37]} Rfd8 {[%clk 00:38:46]} {[%emt 00:09:37]} 27. Rb1
{[%clk 00:44:02]} {[%emt 00:02:01]} g5 {[%clk 00:34:29]} {[%emt 00:04:47]} 28.
Bd3 {[%clk 00:42:23]} {[%emt 00:02:08]} f5 {[%clk 00:33:55]} {[%emt 00:01:03]}
29. Re5 {[%clk 00:41:05]} {[%emt 00:01:50]} Rc8 {[%clk 00:29:23]} {[%emt
00:05:02]} 30. Rb7 {[%clk 00:38:59]} {[%emt 00:02:37]} Ra6 {[%clk 00:26:24]}
{[%emt 00:03:28]} 31. Bb1 {[%clk 00:37:29]} {[%emt 00:02:00]} Rb6 {[%clk
00:24:34]} {[%emt 00:02:19]} 32. Rxb6 {[%clk 00:35:28]} {[%emt 00:02:32]} axb6
{[%clk 00:24:58]} {[%emt 00:00:06]} 33. Kg3 {[%clk 00:32:48]} {[%emt 00:03:09]}
Kf7 {[%clk 00:23:21]} {[%emt 00:02:07]} 34. f4 {[%clk 00:32:42]} {[%emt
00:00:37]} Rg8 {[%clk 00:20:36]} {[%emt 00:03:13]} 35. fxg5 {[%clk 00:32:06]}
{[%emt 00:05:24]} Rxg5+ {[%clk 00:21:00]} 36. Kh3 {[%clk 00:32:01]} Rg4 {[%clk
00:15:47]} {[%emt 00:02:03]} 37. Re3 {[%clk 00:30:19]} {[%emt 00:02:17]} Rg1
{[%clk 00:15:25]} {[%emt 00:00:51]} 38. Bd3 {[%clk 00:28:57]} {[%emt 00:01:53]}
Ra1 {[%clk 00:15:29]} {[%emt 00:00:26]} 39. Rg3 {[%clk 00:27:12]} {[%emt
00:02:15]} Rxa2 {[%clk 00:15:42]} {[%emt 00:00:17]} 40. f4 {[%clk 00:27:23]}
{[%emt 00:00:18]} Rf2 {[%clk 00:14:33]} {[%emt 00:01:38]} 41. Kh4 {[%clk
00:25:04]} {[%emt 00:02:51]} Nf3+ {[%clk 00:13:55]} {[%emt 00:01:06]} 42. Kh3
{[%clk 00:23:26]} {[%emt 00:02:09]} Rxh2# {[%clk 00:14:07]} {[%emt 00:00:16]}
0-1